000 00501nam a2200193Ia 4500
005 20250923150257.0
008 008 250917s9999 xx 000 0 eng d
037 _aTextual
040 _aDSWL
_beng
_cDSWL
041 _aeng
_2eng
084 _qDSWL
245 0 _aLanguage and politics ofd exclusion
_cEd.by SH Riggins
260 _aUSA
_bSage Publication
_c1997
300 _a294 p.
365 _aINR
_b3005 . 24
925 _g3005 . 24
942 _cTEXL
999 _c1461591
_d1461591